000 00522nam a2200169 i 4500
001 80780
003 ES-MaACL
005 20230906174309.0
007 t|
008 041029s1971 sp ||||1| spa d
100 1 _aHouse, Herbert O.
_964347
245 1 0 _aReacciones modernas de síntesis orgánica /
_cHerbert O. House ; [versión: Rogelio Areal Guerra].
260 _aBarcelona :
_bReverté,
_c1971.
300 _aX, 312 p. ;
_c22 cm.
700 1 _aAreal Guerra, Rogelio.
_922560
852 _aES-MaACL
_jA-6014
_bR.95017
999 _c80780
_d80780